| 000 | 01317nam a22002777a 4500 | ||
|---|---|---|---|
| 005 | 20110712113829.0 | ||
| 008 | 110712t xxu||||| |||| 00| 0 mar d | ||
| 010 | _aMAR-21076 | ||
| 020 |
_c250.00 _a8187002328 |
||
| 035 | _aMR-13734 | ||
| 037 | _bDBAD/PUB | ||
| 040 |
_aDPL _bMR |
||
| 082 | _a891.463 | ||
| 100 |
_aमाळगावकर,मनोहर _929492 |
||
| 245 |
_aकान्होजी आंग्रे / _cमनोहर परचुरे : पु.ल.देशपांडे द्वारा अनुवादित |
||
| 246 |
_aKanhoji Aangre _bby Manohar Malgavkar |
||
| 250 | _aसातवी आवृती | ||
| 260 |
_aपुणे _bसन पब्लिकेशनस् _c2010 |
||
| 270 |
_a317 नारायण पेठ दैनिक प्रभात समोर _bपुणे _e-30 |
||
| 300 |
_a304पृ _b22सेमी(अजिल्द) |
||
| 650 |
_aमराठी कादंबरी _930842 |
||
| 650 |
_aMarathi Fiction _930843 |
||
| 700 |
_aदेशपांडे,पु ल. _930844 |
||
| 942 |
_2ddc _cMR _h891.463 _mमाळगा |
||
| 999 |
_c53802 _d53802 |
||